UM Logo

Surviving ebola/ (Record no. 6407)

MARC details
000 -LEADER
fixed length control field 01417nam a22001817a 4500
008 - FIXED-LENGTH DATA ELEMENTS--GENERAL INFORMATION
fixed length control field 170321b xxu||||| |||| 00| 0 eng d
082 ## - DEWEY DECIMAL CLASSIFICATION NUMBER
Edition number 2014
Classification number AV-DVD 614.4
Item number S648
100 ## - MAIN ENTRY--PERSONAL NAME
9 (RLIN) 19356
Personal name Smith, Guy
245 ## - TITLE STATEMENT
Title Surviving ebola/
Statement of responsibility, etc. Guy Smith.
260 ## - PUBLICATION, DISTRIBUTION, ETC. (IMPRINT)
Place of publication, distribution, etc. [United States] :
Name of publisher, distributor, etc. WGBH Educational Foundation,
Date of publication, distribution, etc. c2014.
300 ## - PHYSICAL DESCRIPTION
Extent 1 videodisc :
Other physical details sd., col. ;
Dimensions 4 3/4 in.
Type of unit DVD ; NTSC ; region 1 ;
Size of unit widescreen. English: Stereo
306 ## - PLAYING TIME
Playing time 60 minutes
520 ## - SUMMARY, ETC.
Summary, etc. In December 2013., in a small village in West Africa, a young boy died from the dreaded disease, Ebola. Over the next nine months the virulent killer would claim more victims than all previous Ebola epidemics put together. And for the first time, the disease escaped the isolated, rural villages where it had first appeared, and traveled in infected patients by air to densely populated cities in several African countries. As the epidemic threatens to spiral out of control, NOVA reports from the hot zone, where courageous medical teams struggle to cope with a flood of victims, to labs where scientists are racing to test vaccines and find cure. Surviving Ebola includes chilling first-hand interviews of what it's like to catch-and survive-this terrible affliction.
650 #0 - SUBJECT ADDED ENTRY--TOPICAL TERM
9 (RLIN) 19358
Topical term or geographic name as entry element Ebola virus disease
General subdivision Prevention.
650 #0 - SUBJECT ADDED ENTRY--TOPICAL TERM
9 (RLIN) 19359
Topical term or geographic name as entry element Ebola virus disease
Geographic subdivision Africa, West.
650 #0 - SUBJECT ADDED ENTRY--TOPICAL TERM
9 (RLIN) 19360
Topical term or geographic name as entry element Communicable diseases.
942 ## - ADDED ENTRY ELEMENTS (KOHA)
Source of classification or shelving scheme Dewey Decimal Classification
Koha item type Digital Video Disc
Holdings
Withdrawn status Lost status Source of classification or shelving scheme Damaged status Not for loan Collection code Home library Current library Date acquired Source of acquisition Total Checkouts Full call number Barcode Date last seen Copy number Price effective from Koha item type
    Dewey Decimal Classification     AV-DVD UM Digos College - LIC UM Digos College - LIC 10/27/2016 Purchased   AV-DVD 614.4 S648 2014 0514 05/15/2025 1 03/21/2017 Digital Video Disc